Catálogo

Vista normal Vista MARC

Entrada Personal Name

Número de registros utilizados en: 1

001 - CONTROL NUMBER

  • control field: 7967

003 - CONTROL NUMBER IDENTIFIER

  • control field: DLC

005 - DATE AND TIME OF LATEST TRANSACTION

  • control field: 20200804153933.0

008 - FIXED-LENGTH DATA ELEMENTS

  • fixed length control field: 130509n| azannaabn |a aaa

010 ## - LIBRARY OF CONGRESS CONTROL NUMBER

  • LC control number: n 2013182322

035 ## - SYSTEM CONTROL NUMBER

  • System control number: (DNLM)1562214

040 ## - CATALOGING SOURCE

  • Original cataloging agency: DNLM
  • Language of cataloging: spa
  • Description conventions: rda
  • Transcribing agency: Mx-PuUPA
  • Modifying agency: Mx-PuUPA

100 1# - HEADING--PERSONAL NAME

  • Personal name: Borrell i Carrio, Francesc,

372 ## - FIELD OF ACTIVITY

  • Field of activity: Práctica familiar
  • Source of term: mesh

373 ## - ASSOCIATED GROUP

  • Associated group: Universidad de Barcelona

374 ## - OCCUPATION

  • Occupation: Profesor

375 ## - GENDER

  • Gender: hombre

377 ## - ASSOCIATED LANGUAGE

  • Language code: spa

400 1# - SEE FROM TRACING--PERSONAL NAME

  • Personal name: Carrio, Francesc Borrell i

400 1# - SEE FROM TRACING--PERSONAL NAME

  • Personal name: Borrell, Francesc

670 ## - SOURCE DATA FOUND

  • Source citation: Práctica clínica centrada en el paciente, 2011:
  • Information found: t.p. (Francesc Borrell i Carrió) p. 4 of cover (Francesc Borrell, prof. titular de Medicina de Familia en la Univ. de Barcelona)

670 ## - SOURCE DATA FOUND

  • Source citation: Biblioteca del congreso (Estados Unidos), 03 septiembre 2018:
  • Information found: catálogo electrónico
  • Uniform Resource Identifier: https://goo.gl/gHH1bL